000 00760nam a2200217Ia 4500
005 20241129105813.0
008 241129s9999||||xx |||||||||||||| ||und||
020 _a978-93-90849-47-5
037 _aTB
040 _aARTS
_bpun
_cARTS
041 _apun
_2pun
084 _aO153,3NMA,JG R1
_qARTS
100 _aਮਲਹਾਸ, ਦਵਿੰਦਰ ਸਿੰਘ, ਚ।
_9156325
245 0 _aਜੰਗਲੀ ਗੁਲਾਬ
_cਮਲਹਾਸ, ਦਵਿੰਦਰ ਸਿੰਘ, ਚ।
260 _aਪਟਿਆਲਾ, ਭਾਰਤ
_bਪਟਿਆਲਾ ਦਵਿੰਦਰ ਸਿੰਘ
_c2021
300 _a136ਪ੍ਰ0
365 _aINR
_b199
650 _aPunjabi Fiction
_9179734
942 _cTB
_hO153,3NMA,JG R1
999 _c1226019
_d1226019